Detalles MARC
| 000 -CABECERA |
| campo de control de longitud fija |
01712nam a2200229 a 4500 |
| 001 - NÚMERO DE CONTROL |
| campo de control |
000032881 |
| 003 - IDENTIFICADOR DEL NÚMERO DE CONTROL |
| campo de control |
OSt |
| 005 - FECHA Y HORA DE LA ÚLTIMA TRANSACCIÓN |
| campo de control |
20240409073643.0 |
| 008 - DATOS DE LONGITUD FIJA--INFORMACIÓN GENERAL |
| campo de control de longitud fija |
110801t1956 dr 001 0bspa d |
| 040 ## - FUENTE DE LA CATALOGACIÓN |
| Centro catalogador/agencia de origen |
DO-SdBNP |
| Lengua de catalogación |
spa |
| Centro/agencia transcriptor |
BNPHU |
| 049 ## - FONDOS LOCALES (OCLC) |
| Fondos de biblioteca |
BNPD |
| 082 74 - NÚMERO DE LA CLASIFICACIÓN DECIMAL DEWEY |
| Número de clasificación |
923.17293 |
| Número de documento/Ítem |
T866g |
| Número de edición |
22 |
| 100 1# - ENTRADA PRINCIPAL--NOMBRE DE PERSONA |
| Nombre de persona |
González Herrera, Julio, |
| Fechas asociadas al nombre |
1902- |
| 9 (RLIN) |
58655 |
| 245 10 - MENCIÓN DE TÍTULO |
| Título |
Trujillo genio político / |
| Mención de responsabilidad, etc. |
Julio González Herrera. |
| 260 ## - PUBLICACIÓN, DISTRIBUCIÓN, ETC. |
| Lugar de publicación, distribución, etc. |
Ciudad Trujillo, República Dominicana : |
| Nombre del editor, distribuidor, etc. |
Editora del Caribe, |
| Fecha de publicación, distribución, etc. |
1956. |
| 300 ## - DESCRIPCIÓN FÍSICA |
| Extensión |
361 p. ; |
| Dimensiones |
23 cm. |
| 505 0# - NOTA DE CONTENIDO CON FORMATO |
| Título |
Pensamiento de Trujillo -- |
| -- |
Acción de Trujillo -- |
| -- |
Nuestro confuso pasado histórico -- |
| -- |
El Jefe llega y el orden sucede al desorden -- |
| -- |
Independencia financiera -- |
| -- |
Nuevos regímenes financiero y fiscal -- |
| -- |
Organización política y administrativa -- |
| -- |
El Partido Dominicano -- |
| -- |
Sistema educativo racional -- |
| -- |
Fuerzas Armadas de la República Dominicana -- |
| -- |
Modernos servicios de sanidad y de asistencia social -- |
| -- |
Implantación del moderno Derecho del Trabajo -- |
| -- |
Prosperidad agrícola y bienestar económico -- |
| -- |
Personalidad jurídica internacional de la República Dominicana -- |
| -- |
Doctrina Trujillo sobre la intervención a distancia -- |
| -- |
La frontera inmutable -- |
| -- |
Exaltecimiento de la Hispanidad -- |
| -- |
El concordato -Trujillo, líder católico y anticomunista -- |
| -- |
El Maestro y el Discípulo -- |
| -- |
La Feria de la Paz y Confraternidad del Mundo Libre -- |
| -- |
Trascendental discurso de inauguración del Generalísimo Trujillo. |
| 600 10 - PUNTO DE ACCESO ADICIONAL DE MATERIA--NOMBRE DE PERSONA |
| Nombre de persona |
Molina Trujillo,Rafael Leónidas, |
| Fechas asociadas al nombre |
1891-1961 |
| Subdivisión general |
Pensamiento político |
| 9 (RLIN) |
58656 |
| 651 #4 - PUNTO DE ACCESO ADICIONAL DE MATERIA--NOMBRE GEOGRÁFICO |
| Nombre geográfico |
República Dominicana |
| Subdivisión general |
Política Y Gobierno |
| Subdivisión cronológica |
ERA DE TRUJILLO, 1930-1961 |
| 9 (RLIN) |
1374 |
| 910 ## - DATOS DE OPCIÓN DEL USUARIO (OCLC) |
| Datos de opción del usuario |
Validado. Control de calidad EMS. |
| 942 ## - ELEMENTOS DE PUNTO DE ACCESO ADICIONAL (KOHA) |
| Fuente del sistema de clasificación o colocación |
Dewey Decimal Classification |
| Tipo de ítem Koha |
Libro |